000 00657nam a2200241Ia 4500
003 OSt
005 20221005093818.0
006 a|||||r|||| 00| 0
007 ta
008 221004b |||||||| |||| 00| 0 eng d
024 _a67988
037 _cTextual
040 _aCRL
_cCRL
_beng
041 _2eng
_aeng
082 _aX:742.N7, M4
100 _aCornwall John Ed.
_9494347
245 0 _aAfter Stagflation
_b Alternatives to economic decline
260 _aOxford
_bBasil Blackwell UK
_c1984
300 _a181p.
_ccm.
650 _aECONOMICS
942 _hX:742.N7, M4
_cTEXL
_2cc
999 _c1000987
_d1000987